MARC details
| 000 -CABECERA |
| campo de control de longitud fija |
00817nam a2200241 u 4500 |
| 005 - FECHA Y HORA DE LA ÚLTIMA TRANSACCIÓN |
| campo de control |
20240229063542.0 |
| 008 - ELEMENTOS DE LONGITUD FIJA--INFORMACIÓN GENERAL |
| campo de control de longitud fija |
080722s2006 es r 000 0 spa d |
| 020 ## - NÚMERO INTERNACIONAL NORMALIZADO PARA LIBROS |
| Número Internacional Estándar del Libro |
8426361595 |
| 035 ## - NÚMERO DE CONTROL DEL SISTEMA |
| Número de control de sistema |
UPN01000157850 |
| 049 ## - COLECCIÓN |
| Colección |
I |
| 050 #4 - SIGNATURA TOPOGRÁFICA DE LA BIBLIOTECA DEL CONGRESO |
| Número de clasificación |
PZ76.3 |
| Número de documento/Ítem |
K4.2 |
| 100 1# - ASIENTO PRINCIPAL--NOMBRE PERSONAL |
| Nombre de persona |
Keselman, Gabriela, |
| Fechas asociadas al nombre |
1953- |
| 9 (RLIN) |
31735 |
| 245 13 - MENCIÓN DE TÍTULO |
| Título |
El chichón de Pino / |
| Mención de responsabilidad, etc. |
Gabriela Keselman, Teresa Novoa. |
| 260 ## - PUBLICACIÓN, DISTRIBUCIÓN, ETC. |
| Lugar de publicación, distribución, etc. |
Zaragoza, Esp. : |
| Nombre del editor, distribuidor, etc. |
Edelvives, |
| Fecha de publicación, distribución, etc. |
c2006. |
| 300 ## - DESCRIPCIÓN FÍSICA |
| Extensión |
[24] p. : |
| Otras características físicas |
principalmente il. col. + |
| Material acompañante/anejo |
1 CD-ROM ; 4 3/4 plg. |
| 440 #0 - MENCIÓN DE SERIE/ASIENTO SECUNDARIO--TÍTULO |
| Título |
Pino ; |
| Designación de volumen o secuencia |
1 |
| 500 ## - NOTA GENERAL |
| Nota general |
Solicita el CD-ROM en la Sala Infantil |
| 650 #7 - ASIENTO SECUNDARIO DE MATERIA - TERMINO TEMATICO |
| Término de materia o nombre geográfico como elemento de entrada |
Animales |
| Subdivisión de forma |
Literatura infantil |
| Fuente del encabezamiento o término |
|
| 9 (RLIN) |
1061 |
| 650 #4 - ASIENTO SECUNDARIO DE MATERIA - TERMINO TEMATICO |
| Término de materia o nombre geográfico como elemento de entrada |
PINGUINOS - |
| Subdivisión de forma |
CUENTOS Y LEYENDAS |
| 9 (RLIN) |
10808 |
| 650 #4 - ASIENTO SECUNDARIO DE MATERIA - TERMINO TEMATICO |
| Término de materia o nombre geográfico como elemento de entrada |
Literatura infantil argentina |
| 9 (RLIN) |
7511 |
| 700 1# - ASIENTO SECUNDARIO--NOMBRE DE PERSONAL |
| Nombre de persona |
Novoa, Teresa, |
| Fechas asociadas al nombre |
1955- |
| Término indicativo de función/relación |
coaut. |
| 9 (RLIN) |
39032 |
| 905 ## - TIPO DE MATERIAL |
| Tipo de material |
Infantil |